000 00313nam a2200133Ia 4500
005 20251222154352.0
008 251222s9999||||xx |||||||||||||| ||spa||
020 _a978-612-302-195-5
082 _a985/F18
100 _a"Falcén Vera, Nathali"
245 0 _aHistoria del Perú
250 _a2a.ed.
942 _cLIB
999 _c34934
_d34934